000 00864nam a2200241 i 4500
001 22308
003 ES-MaACL
005 20250820124000.0
007 t|
008 021202s1971 sp o ||||1| spa d
080 _a738 Lloréns Artigas, José
100 1 _aAldana Fernández, Salvador.
_919607
245 1 0 _aLlorens Artigas /
_cS. Aldana Fernández.
260 _a[Madrid] :
_bDirección General de Bellas Artes,
_c[1971]
300 _a71 p. :
_bfot. col. y n. ;
_c17 cm.
490 1 _aArtistas españoles contemporáneos. Ceramistas ;
_v3
600 1 4 _aLlorens Artigas, Josep,
_d1892-1981
_972886
710 1 _aEspaña.
_bDirección General de Bellas Artes.
_93704
830 0 _aArtistas españoles contemporáneos. Ceramistas ;
_v3
_9189685
852 _aES-MaACL
_jC-40879
852 _aES-MaACL
_j2261-F-3
_xOlim P-1916
999 _c22308
_d22308